Agricultural marketing in India (Record no. 42206)

MARC details
000 -LEADER
fixed length control field 00412nam a2200157Ia 4500
020 ## - INTERNATIONAL STANDARD BOOK NUMBER
ISBN 8120412796
082 ## - DEWEY DECIMAL CLASSIFICATION NUMBER
Classification number 338.433(540)
Item number ACH
100 ## - MAIN ENTRY--AUTHOR NAME
Personal name Acharya, S S
245 #0 - TITLE STATEMENT
Title Agricultural marketing in India
250 ## - EDITION STATEMENT
Edition statement Ed.3
260 ## - PUBLICATION, DISTRIBUTION, ETC. (IMPRINT)
Place of publication New Delhi
Name of publisher Oxford & IBH Publishing
Year of publication 1999
650 ## - SUBJECT ADDED ENTRY--TOPICAL TERM
Topical Term Agricultural marketing
700 ## - ADDED ENTRY--PERSONAL NAME
Personal name Agarwal, N L
942 ## - ADDED ENTRY ELEMENTS (KOHA)
Koha item type Books
Holdings
Withdrawn status Lost status Damaged status Not for loan Home library Current library Date acquired Cost, normal purchase price Full call number Accession Number Koha item type
        RRII Library RRII Library 16/12/2021 185.00 338.433(540) ACH 22482 Books